|
|
|
|
| LEADER |
01583nam a2200409 a 4500 |
| 001 |
EBC1128308 |
| 003 |
MiAaPQ |
| 005 |
20200520144314.0 |
| 006 |
m o d | |
| 007 |
cr cn||||||||| |
| 008 |
111109s2012 nyua sb 001 0 eng d |
| 010 |
|
|
|z 2011045205
|
| 020 |
|
|
|z 9780415884938 (hardback)
|
| 020 |
|
|
|a 9780203119600 (electronic bk.)
|
| 035 |
|
|
|a (MiAaPQ)EBC1128308
|
| 035 |
|
|
|a (Au-PeEL)EBL1128308
|
| 035 |
|
|
|a (CaPaEBR)ebr10660665
|
| 035 |
|
|
|a (CaONFJC)MIL447351
|
| 035 |
|
|
|a (OCoLC)829461177
|
| 040 |
|
|
|a MiAaPQ
|c MiAaPQ
|d MiAaPQ
|
| 043 |
|
|
|a e------
|
| 050 |
|
4 |
|a HD4138
|b .P78 2012
|
| 082 |
0 |
4 |
|a 338.94/05
|2 23
|
| 245 |
0 |
0 |
|a Privatization of public services
|h [electronic resource] :
|b impacts for employment, working conditions, and service quality in Europe /
|c edited by Christoph Hermann and Jorg Flecker.
|
| 260 |
|
|
|a New York :
|b Routledge,
|c 2012.
|
| 300 |
|
|
|a viii, 213 p. :
|b ill.
|
| 440 |
|
0 |
|a Routledge studies in employment and work relations in context ;
|v 8
|
| 504 |
|
|
|a Includes bibliographical references and index.
|
| 533 |
|
|
|a Electronic reproduction. Ann Arbor, MI : ProQuest, 2015. Available via World Wide Web. Access may be limited to ProQuest affiliated libraries.
|
| 650 |
|
0 |
|a Privatization
|z Europe.
|
| 650 |
|
0 |
|a Public utilities
|z Europe.
|
| 650 |
|
0 |
|a Free enterprise
|z Europe.
|
| 655 |
|
4 |
|a Electronic books.
|
| 700 |
1 |
|
|a Hermann, Christoph.
|
| 700 |
1 |
|
|a Flecker, Jorg,
|d 1959-
|
| 710 |
2 |
|
|a ProQuest (Firm)
|
| 856 |
4 |
0 |
|u https://ebookcentral.proquest.com/lib/matrademy/detail.action?docID=1128308
|z Click to View
|